[Event "34th Chess Olympiad (men)"]
[Site "Istanbul"]
[Date "2000.10.31"]
[Round "4.59.4"]
[White "Chan, Kuok"]
[Black "Pryce, Olaudah"]
[WhiteElo "2000"]
[BlackElo "2000"]
[WhiteCountry "MAC"]
[BlackCountry "BAR"]
[Result "1-0"]

1. d4 Nf6 2. c4 g6 3. Nc3 Bg7 4. e4 d6 5. Nf3 O-O 6. Be2 e5 7. d5 Nbd7 
8. O-O Nc5 9. Nd2 Bh6 10. Qc2 Ne8 11. b4 Na6 12. a3 f5 13. ef5 Bf5 14. Bd3 Ng7 
15. Nde4 Bc1 16. Rac1 Nb8 17. c5 Be4 18. Be4 Nd7 19. c6 Nf6 20. cb7 Rb8 
21. f3 Rb7 22. b5 Nd7 23. a4 Nc5 24. Na2 Nf5 25. Bf5 Rf5 26. Nb4 Qg5 
27. Na6 Na6 28. ba6 Rb4 29. Qc7 Rd4 30. Rc2 Rd2 31. Rd2 Qd2 32. Qa7 Rg5 
33. Qf2 Qd5 34. a7 Qb7 35. g4 e4 36. h4 Re5 37. fe4 Re8 38. a5 Ra8 39. a6 Qa7 
40. Qa7 Ra7 41. Ra1 Kf7 42. Kf2 Ke6 43. Ke3 h6 44. Kd4 Kd7 45. Kd5 Kc7 
46. Rc1+ Kb6 47. Rc6+ Ka5 48. Rd6 Ra6 49. Ra6+ Ka6 50. Kc6 g5 51. hg5 hg5 
52. e5 Ka5 53. e6 Kb4 54. e7 Kc4 55. e8Q Kd4 56. Qe6 Kd3 57. Kc5 Kd2 
58. Kd5 Kc2 
1-0

[Event "34th Chess Olympiad (men)"]
[Site "Istanbul"]
[Date "2000.10.31"]
[Round "4.60.1"]
[White "Yung, Lau"]
[Black "Battin, Richard"]
[WhiteElo "2130"]
[BlackElo "2020"]
[WhiteCountry "HKG"]
[BlackCountry "SEY"]
[Result "1-0"]

1. d4 d5 2. c4 c6 3. Nc3 Nf6 4. Nf3 Bf5 5. Bg5 e6 6. e3 Be7 7. Be2 Nbd7 
8. O-O h6 9. Bh4 dxc4 10. Bxc4 Nb6 11. Bb3 Bg4 12. h3 Bh5 13. Rc1 g5 14. Bg3 g4 
15. hxg4 Bxg4 16. e4 h5 17. Qd3 Nfd7 18. Nb5 Kf8 19. Bc7 Qc8 20. d5 Nc5 
21. Rxc5 Bxc5 22. Qc3 Kg8 23. Be5 Rh7 24. Nc7 Nd7 25. Nxa8 Qxa8 26. Ng5 Nxe5 
27. Nxh7 Bd6 28. Nf6+ Kf8 29. Nd7+ Ke7 30. Nxe5 Qb8 31. Nxg4 hxg4 32. g3 Be5 
33. Qe3 
1-0

[Event "34th Chess Olympiad (men)"]
[Site "Istanbul"]
[Date "2000.10.31"]
[Round "4.60.2"]
[White "Constance, Ryan"]
[Black "Schepel, Kaarlo"]
[WhiteElo "2000"]
[BlackElo "2175"]
[WhiteCountry "SEY"]
[BlackCountry "HKG"]
[Result "0-1"]

1. e4 e5 2. Nf3 Nc6 3. Nc3 Bc5 4. Bb5 Nge7 5. d3 d6 6. Nd5 a6 7. Bxc6+ bxc6 
8. Nxe7 Qxe7 9. O-O Bg4 10. h3 Bh5 11. a3 O-O 12. b4 Bd4 13. Rb1 d5 
14. Bd2 dxe4 15. dxe4 Rfd8 16. Qe2 Qf6 17. c3 Bxf3 18. Qxf3 Qxf3 19. gxf3 Bb6 
20. Bc1 Rd3 21. f4 Rxh3 22. fxe5 Rxc3 23. Bb2 Rc4 24. Rfe1 Rc2 25. Rf1 Rd8 
26. Ba1 Rdd2 27. Rbd1 Bxf2+ 28. Kh1 c5 29. Bc3 Rxd1 30. Rxd1 h5 31. Be1 Bxe1 
32. Rxe1 cxb4 33. axb4 Rb2 34. Rc1 Rxb4 35. Rxc7 Rxe4 
0-1

[Event "34th Chess Olympiad (men)"]
[Site "Istanbul"]
[Date "2000.10.31"]
[Round "4.60.3"]
[White "Kiernan, Mark"]
[Black "Kimende, Ralph"]
[WhiteElo "2125"]
[BlackElo "2202"]
[WhiteCountry "HKG"]
[BlackCountry "SEY"]
[Result "0-1"]

1. e4 c5 2. g3 d5 3. exd5 Qxd5 4. Nf3 Bg4 5. Bg2 Nc6 6. h3 Qe4+ 7. Kf1 Bh5 
8. d3 Qd5 9. Ng5 Bxd1 10. Bxd5 Bxc2 11. Nxf7 Bxd3+ 12. Kg2 Nf6 13. Bxc6+ Kxf7 
14. Bxb7 Rb8 15. Bf3 e5 16. Nc3 e4 17. Bd1 Bd6 18. b3 Be5 19. Bb2 Nd5 
20. Na4 Bd4 21. Bxd4 cxd4 22. Nc5 Nb4 23. a3 Nd5 24. Nxd3 exd3 25. b4 Nc3 
26. Bb3+ Kf6 27. Rhe1 Rhe8 28. Kf1 d2 29. Red1 Nxd1 30. Rxd1 Re1+ 
31. Rxe1 dxe1Q+ 32. Kxe1 a5 33. Bc2 h6 34. bxa5 Ra8 35. Ke2 Ke5 36. Kd3 Rxa5 
37. f4+ Kd5 38. a4 Ra7 39. g4 Re7 40. h4 Re3+ 41. Kd2 Rf3 42. f5 Rh3 43. h5 Kc4 
44. a5 Ra3 45. a6 d3 46. Bb1 Kd4 47. a7 Rxa7 48. Bxd3 Ra2+ 49. Bc2 Ke5 
50. Kd3 Ra1 51. Ke3 Ra3+ 52. Bd3 Kf6 53. Ke4 Ra4+ 54. Kf3 Kg5 55. Be4 Ra3+ 
0-1

[Event "34th Chess Olympiad (men)"]
[Site "Istanbul"]
[Date "2000.10.31"]
[Round "4.60.4"]
[White "Payet, Amelie"]
[Black "Chau, Sau Ming"]
[WhiteElo "2010"]
[BlackElo "2000"]
[WhiteCountry "SEY"]
[BlackCountry "HKG"]
[Result "0-1"]

1. d4 Nf6 2. c4 e6 3. Nc3 c5 4. d5 exd5 5. cxd5 d6 6. Bg5 Nbd7 7. e4 a6 
8. a4 g6 9. f4 Bg7 10. Nf3 O-O 11. Bd3 Rb8 12. Qd2 Qc7 13. O-O c4 14. Bc2 b5 
15. axb5 axb5 16. Nd4 Qc5 17. Ne2 Re8 18. Kh1 Nxe4 19. Bxe4 Rxe4 20. Nc6 Rb7 
21. b4 Qe3 22. Qxe3 Rxe3 23. Ra8 Nb6 24. Ra2 Nxd5 25. Rd1 Rc7 26. Rxd5 Rxc6 
27. Rxb5 h6 28. Bh4 c3 29. Kg1 c2 30. Nc1 Bd4 31. Kf1 Be6 32. Ra8+ Kh7 
0-1

[Event "34th Chess Olympiad (men)"]
[Site "Istanbul"]
[Date "2000.10.31"]
[Round "4.61.1"]
[White "Li Ying, Denis"]
[Black "Berardi, Giancarlo"]
[WhiteElo "2090"]
[BlackElo "2000"]
[WhiteCountry "MRI"]
[BlackCountry "SMR"]
[Result "1-0"]

1. e4 e6 2. d4 d5 3. Nd2 Nf6 4. e5 Nfd7 5. f4 g6 6. Bd3 b6 7. Ngf3 Ba6 
8. Qe2 Bd3 9. Qd3 a6 10. O-O c5 11. c3 Nc6 12. Ng5 h6 13. Ne6 Qc8 14. Nf8 Nf8 
15. dc5 bc5 16. Qd5 Ne7 17. Qc4 Ne6 18. Ne4 O-O 19. Nd6 Qc6 20. f5 Nf5 
21. Nf5 gf5 22. Bh6 Rfe8 23. Rf5 Ng7 24. Bg7 
1-0

[Event "34th Chess Olympiad (men)"]
[Site "Istanbul"]
[Date "2000.10.31"]
[Round "4.61.2"]
[White "Righi, Ezio"]
[Black "Seegolam, Pradeep"]
[WhiteElo "2118"]
[BlackElo "2000"]
[WhiteCountry "SMR"]
[BlackCountry "MRI"]
[Result "1-0"]

1. e4 e5 2. Nf3 Nc6 3. Bb5 a6 4. Ba4 Nf6 5. d3 b5 6. Bb3 Be7 7. Nbd2 d6 
8. c3 O-O 9. Nf1 Na5 10. Bc2 Nb7 11. Ng3 c5 12. O-O Qc7 13. Qe2 Nd8 14. h3 Re8 
15. Nh2 Bf8 16. Bg5 Be7 17. f4 ef4 18. Bf4 Ne6 19. Bd2 Nf8 20. Qf2 Be6 
21. Nf5 Bf5 22. Qf5 Bd8 23. Rf2 Ra7 24. Raf1 Ng6 25. Ng4 Ng4 26. Qg4 f6 
27. Qg3 Kh8 28. Bd1 Rg8 29. Bg4 Nf8 30. Rf5 Ng6 31. Rh5 Nf8 32. Bf4 Be7 
33. Rd5 Ng6 34. Be6 Nf4 35. Rf4 Rd8 36. Qg6 f5 37. Qf5 Bf6 38. Rg4 Qe7 
39. d4 cd4 40. cd4 g6 41. Rg6 hg6 42. Qg6 Bd4+ 43. Rd4 Qg7 44. Qh5+ Qh7 
45. Qg5 Rf8 46. Bf5 Rg7 47. Qd2 Qh5 48. Rd6 Rg5 49. Qd4+ Rg7 50. Qb6 Kg8 
51. Be6+ Kh7 52. Bf5+ Kg8 53. Rh6 Qd1+ 54. Kh2 Rg2+ 55. Kg2 Qd2+ 56. Kf3 Qd1+ 
57. Kf4 Qc1+ 58. Qe3 Qf1+ 59. Kg3 
1-0

[Event "34th Chess Olympiad (men)"]
[Site "Istanbul"]
[Date "2000.10.31"]
[Round "4.61.3"]
[White "Mansoor, Jamil"]
[Black "Renzi, Nicola"]
[WhiteElo "2205"]
[BlackElo "2000"]
[WhiteCountry "MRI"]
[BlackCountry "SMR"]
[Result "1/2-1/2"]

1. d4 d5 2. c4 c6 3. Nc3 e6 4. Nf3 Nf6 5. Bg5 Nbd7 6. e3 dc4 7. Bc4 b5 
8. Bd3 Qb6 9. O-O a6 10. a4 Bb7 11. Qe2 Bd6 12. Ne4 Ne4 13. Be4 Nf6 14. Bd3 h6 
15. Bf6 gf6 16. e4 O-O-O 17. Rfc1 Kb8 18. e5 fe5 19. de5 Be7 20. b3 
1/2-1/2

[Event "34th Chess Olympiad (men)"]
[Site "Istanbul"]
[Date "2000.10.31"]
[Round "4.61.4"]
[White "Cecchetti, Roberto"]
[Black "Marie, Patrik"]
[WhiteElo "2000"]
[BlackElo "2000"]
[WhiteCountry "SMR"]
[BlackCountry "MRI"]
[Result "0-1"]

1. d4 d6 2. Nf3 g6 3. Bf4 Bg7 4. e3 Nf6 5. h3 O-O 6. Be2 Bf5 7. O-O Nbd7 
8. c4 Nb6 9. Nc3 c6 10. c5 dc5 11. dc5 Nbd7 12. Na4 Ne4 13. Bd3 e5 14. Bh2 g5 
15. Qc2 Ndf6 16. Ng5 Ng5 17. Bf5 Qc7 18. b4 h6 19. Nb2 b5 20. cb6 ab6 
21. Rfc1 Nd5 22. a3 Ne7 23. Bd3 Qd7 24. Rd1 Qe6 25. h4 e4 26. Bc4 Nh3+ 
27. gh3 Qh3 28. Bf1 Qg4+ 29. Bg2 Kh8 30. Kh1 Qh4 31. Rg1 Be5 32. f4 ef3 
33. Bf3 Nf5 34. Rg4 Ne3 35. Rh4 Nc2 36. Be5+ f6 37. Rh6+ Kg7 38. Bf6+ Kh6 
39. Rc1 Rf6 40. Be4 Nd4 41. Rc3 Re8 42. Rh3+ Kg5 43. Bd3 Rf2 
0-1

[Event "34th Chess Olympiad (men)"]
[Site "Istanbul"]
[Date "2000.10.31"]
[Round "4.62.1"]
[White "Murasira, Albert"]
[Black "Faulks, Nick"]
[WhiteElo "2000"]
[BlackElo "2025"]
[WhiteCountry "RWA"]
[BlackCountry "BER"]
[Result "0-1"]

1. e4 c5 2. Nf3 d6 3. Nc3 Nf6 4. d4 cd4 5. Nd4 a6 6. f4 e5 7. Nf3 Nbd7 
8. Bd3 Be7 9. O-O O-O 10. Kh1 b5 11. Qe1 Bb7 12. fe5 de5 13. Nh4 b4 14. Nd1 Nc5 
15. Qb4 a5 16. Qc3 Nfe4 17. Be4 Ne4 18. Qb3 Rb8 19. Nf5 Ba6 20. Ne7+ Qe7 
21. Qf3 Bf1 22. Qf1 Qh4 23. Kg1 Rfd8 24. Ne3 Nd2 25. Bd2 Rd2 26. b3 Qd4 
27. Qe1 Rd8 28. c4 Rd3 29. Kf2 Qf4+ 30. Kg1 Re3 31. Qa5 Qd4 32. Kf2 Rd3+ 
33. Kf1 Qa1+ 
0-1

[Event "34th Chess Olympiad (men)"]
[Site "Istanbul"]
[Date "2000.10.31"]
[Round "4.62.2"]
[White "Rideout, Dan"]
[Black "Rutayisire, Johnson"]
[WhiteElo "2000"]
[BlackElo "2000"]
[WhiteCountry "BER"]
[BlackCountry "RWA"]
[Result "1-0"]

1. e4 e6 2. d4 Nc6 3. Nf3 h6 4. Nc3 Bb4 5. Bd2 Bc3 6. Bc3 Nge7 7. Bd3 O-O 
8. O-O Ng6 9. e5 Nf4 10. Be4 Nd5 11. Bd2 d6 12. c3 f6 13. Nh4 fe5 14. Qg4 Qf6 
15. Bc2 ed4 16. Qe4 Kf7 17. Ng6 Re8 18. Nh4 Ke7 19. Rae1 Kd8 20. Nf3 Bd7 
21. Nd4 Nd4 22. cd4 c6 23. Bc3 Kc7 24. Qg6 Qg6 25. Bg6 Rf8 26. Ba5+ b6 
27. Bd2 Rf7 28. Be4 Ne7 29. Rc1 d5 30. Bd3 Raf8 31. b4 b5 32. Bb5 Kb6 
33. Bd3 Nf5 34. Bf5 Rf5 35. Be3 Bc8 36. Rc5 a6 37. Rfc1 Bb7 38. a4 Rc8 
39. Rb1 Ka7 40. h3 h5 41. h4 g6 42. g3 Rcf8 43. b5 ab5 44. ab5 cb5 
45. Rcb5 R5f7 46. Bf4 Rc8 47. Ra5+ Ba6 48. Bd6 Rc6 49. Bc5+ Ka8 50. Bb6 Ra7 
51. Ba7 Ka7 52. Kg2 Rd6 53. Kf3 Rc6 54. Kf4 Rc2 55. f3 Rc3 56. Rba1 Rc6 
57. Ke5 Kb7 58. Ra6 Ra6 59. Ra6 Ka6 60. Ke6 Kb5 
1-0

[Event "34th Chess Olympiad (men)"]
[Site "Istanbul"]
[Date "2000.10.31"]
[Round "4.62.3"]
[White "Mutabazi, Fidele"]
[Black "Miller, Bobby"]
[WhiteElo "2000"]
[BlackElo "2000"]
[WhiteCountry "RWA"]
[BlackCountry "BER"]
[Result "0-1"]

1. e4 c5 2. Nf3 Nc6 3. Bc4 e6 4. c3 g6 5. d4 cd4 6. cd4 Bg7 7. O-O Nge7 
8. Nc3 O-O 9. a3 d5 10. ed5 ed5 11. Ba2 Bg4 12. Be3 Bf3 13. gf3 Qd7 14. b4 a6 
15. Rc1 Rad8 16. Ne2 Nf5 17. Bb1 Rfe8 18. Bf5 Qf5 19. Ng3 Qf6 20. Rc2 Nd4 
21. Bd4 Qd4 22. Qd4 Bd4 23. Rfc1 Be5 24. Re2 Kf8 25. Kf1 d4 26. Rc5 d3 
27. Rce5 de2+ 28. Ke2 Re5+ 29. Kf1 Rd1+ 30. Kg2 
0-1

[Event "34th Chess Olympiad (men)"]
[Site "Istanbul"]
[Date "2000.10.31"]
[Round "4.62.4"]
[White "Ebbin, Larry"]
[Black "Uwihoreye, Charles"]
[WhiteElo "2000"]
[BlackElo "2000"]
[WhiteCountry "BER"]
[BlackCountry "RWA"]
[Result "1-0"]

1. e4 c5 2. d4 e6 3. Nf3 b6 4. Nc3 Bb7 5. Bf4 Nf6 6. d5 ed5 7. ed5 Qe7+ 
8. Be2 d6 9. O-O Nbd7 10. Nb5 Nd5 11. Nd6+ Qd6 12. Bd6 Bd6 13. Bb5 O-O-O 
14. Qd3 Kc7 15. Rad1 Nf4 16. Qd6+ Kc8 17. Qf4 Bf3 18. Qf3 Ne5 19. Qa8+ Kc7 
20. Qa7+ Kc8 21. Ba6# 
1-0

[Event "34th Chess Olympiad (men)"]
[Site "Istanbul"]
[Date "2000.10.31"]
[Round "4.63.1"]
[White "Rowson, Jonathan"]
[Black "Krylov, Sergey"]
[WhiteElo "2494"]
[BlackElo "2344"]
[WhiteCountry "SCO"]
[BlackCountry "IBSA"]
[Result "1/2-1/2"]

1. e4 c5 2. Nc3 a6 3. g3 b5 4. Bg2 Bb7 5. d3 e6 6. Nh3 Nf6 7. O-O b4 8. Nb1 d6 
9. Nd2 Nc6 10. f4 Be7 11. f5 exf5 12. exf5 Qd7 13. Nc4 Rd8 14. Bg5 Qc7 
15. Nf4 Ne5 16. Qe2 O-O 17. Ne3 Ned7 18. a3 Rfe8 19. Bxb7 Qxb7 20. Qg2 Qa7 
21. Kh1 bxa3 22. Rxa3 d5 23. Bxf6 Bxf6 24. Nfxd5 Bxb2 25. Rb3 Bd4 26. Nc4 Rb8 
27. Nd6 Rxb3 28. Nxe8 Rb2 29. Nd6 Qb8 30. Qe2 Qxd6 31. Qe8+ Qf8 32. Qxd7 Qa8 
33. Re1 Rb3 34.  Rb8 35. c4 Rd8 36. Qa4 h6 37. Kg2 Kh7 38. Re4 Qb7 39. Qd1 a5 
40. Kh3 Qd7 41. g4 Re8 42. Qe1 Re4 43.  Bf6 44.  Qa7 45. Nxf6+ gxf6 46. Kh4 Qb8 
47. Qd2 a4 48. Kh5 Qf8 49. d4 cxd4 50. c5 Qxc5 51.  Kg8 52.  a3 
1/2-1/2

[Event "34th Chess Olympiad (men)"]
[Site "Istanbul"]
[Date "2000.10.31"]
[Round "4.63.2"]
[White "Berlinsky, Vladimir"]
[Black "Motwani, Paul"]
[WhiteElo "2352"]
[BlackElo "2464"]
[WhiteCountry "IBSA"]
[BlackCountry "SCO"]
[Result "1/2-1/2"]

1. e4 e5 2. Nf3 Nc6 3. Bc4 Bc5 4. c3 Nf6 5. d4 exd4 6. cxd4 Bb4+ 7. Bd2 Nxe4 
8. Bxb4 Nxb4 9. Bxf7+ Kxf7 10. Qb3+ Kf8 11. Qxb4+ Qe7 12. Qxe7+ Kxe7 
13. O-O Re8 14. Re1 Kf8 15. Na3 Nf6 16. Nb5 Nd5 17. Rxe8+ Kxe8 18. Re1+ Kf8 
19. Rc1 c6 20. Nd6 Ke7 21. Nf5+ Kf6 22. Nd6 Ke7 
1/2-1/2

[Event "34th Chess Olympiad (men)"]
[Site "Istanbul"]
[Date "2000.10.31"]
[Round "4.63.4"]
[White "Wassin, Sergey"]
[Black "Shaw, John"]
[WhiteElo "2305"]
[BlackElo "2435"]
[WhiteCountry "IBSA"]
[BlackCountry "SCO"]
[Result "0-1"]

1. d4 d5 2. c4 c6 3. cxd5 cxd5 4. Nc3 Nf6 5. Bf4 Nc6 6. e3 Bg4 7. Qb3 Na5 
8. Qa4+ Bd7 9. Bb5 e6 10. Nf3 a6 11. Bxd7+ Nxd7 12. O-O b5 13. Qc2 Rc8 
14. Qd3 Bb4 15. Ne2 O-O 16. a4 Qb6 17. Ng5 f5 18. axb5 h6 19. Nxe6 Qxe6 
20. bxa6 Nc4 21. b3 Na3 22. a7 Ra8 23. Nc3 Rxa7 24. Nb5 Qa6 
0-1